[Event "Karl Mala Memorial op 12th"]
[Site "Frankfurt"]
[Date "2009.07.18"]
[Round "5"]
[White "Voss, Julian"]
[Black "Eigemann, Frederik"]
[Result "1/2-1/2"]
[WhiteElo "1993"]
[BlackElo "1767"]
[PlyCount "63"]
[EventDate "2009.07.16"]
[EventType "swiss"]
[EventRounds "7"]
[EventCountry "GER"]
[SourceTitle "EXT 2010"]
[Source "ChessBase"]
[SourceDate "2010.11.25"]
[SourceVersion "1"]
[SourceVersionDate "2010.11.25"]
[SourceQuality "1"]

1. e4 e6 2. d4 d5 3. Nc3 Bb4 4. e5 c5 5. a3 Bxc3+ 6. bxc3 Ne7 7. Nf3 Nbc6 8. Bd3 Bd7 9. 0-0 Qa5 10. Bd2 c4 11. Be2 0-0-0 12. Qc1 f6 13. exf6 gxf6 14. Qb2 Qc7 15. g3 Rdg8 16. Rfe1 Ng6 17. Bf1 b6 18. Kh1 e5 19. Bg2 e4 20. Ng1 h5 21. Ne2 h4 22. Nf4 Nce7 23. a4 Qc6 24. a5 b5 25. Qb4 hxg3 26. fxg3 Nf5 27. Kg1 Nge7 28. Re2 a6 29. Rf1 Rh7 30. Be1 Be8 31. Qa3 Bf7 32. Bh3 1/2-1/2

[Event "Karl Mala Memorial op 12th"]
[Site "Frankfurt"]
[Date "2009.07.16"]
[Round "1"]
[White "Voss, Julian"]
[Black "Panzer, Jan"]
[Result "1-0"]
[WhiteElo "1993"]
[BlackElo "1482"]
[PlyCount "79"]
[EventDate "2009.07.16"]
[EventType "swiss"]
[EventRounds "7"]
[EventCountry "GER"]
[SourceTitle "EXT 2010"]
[Source "ChessBase"]
[SourceDate "2010.11.25"]
[SourceVersion "1"]
[SourceVersionDate "2010.11.25"]
[SourceQuality "1"]

1. e4 e6 2. d4 g6 3. c4 d6 4. Nc3 Bg7 5. Be3 Ne7 6. Nf3 Nd7 7. Nd2 0-0 8. Be2 f5 9. f3 f4 10. Bf2 e5 11. d5 h6 12. b4 b6 13. Nb3 a5 14. a3 axb4 15. axb4 Rxa1 16. Qxa1 c5 17. dxc6 Nxc6 18. Nd5 Qg5 19. b5 Na5 20. Nxa5 bxa5 21. 0-0 Nf6 22. Ne7+ Kh7 23. Nxc8 Rxc8 24. Qxa5 Rf8 25. Ra1 Nxe4 26. fxe4 f3 27. Bxf3 Rxf3 28. b6 Rf7 29. Qd5 Rxf2 30. Kxf2 Qf4+ 31. Ke2 Qxh2 32. b7 Qxg2+ 33. Kd3 Qb2 34. Qb5 Qd4+ 35. Kc2 Qxe4+ 36. Kb3 Qd3+ 37. Ka4 e4 38. b8Q Bxa1 39. Qb3 Qd4 40. Q3b7+ 1-0

[Event "Karl Mala Memorial op 11th"]
[Site "Frankfurt"]
[Date "2008.06.29"]
[Round "7"]
[White "Voss, Julian"]
[Black "Foerster, Rudi"]
[Result "1-0"]
[WhiteElo "1743"]
[BlackElo "1914"]
[PlyCount "71"]
[EventDate "2008.06.26"]
[EventType "swiss"]
[EventRounds "7"]
[EventCountry "GER"]
[SourceTitle "CBM 125 Extra"]
[Source "ChessBase"]
[SourceDate "2008.09.01"]
[SourceVersion "1"]
[SourceVersionDate "2008.09.01"]
[SourceQuality "1"]

1. e4 c5 2. Nc3 Nc6 3. f4 g6 4. Nf3 Bg7 5. g3 e6 6. Bg2 Nge7 7. 0-0 0-0 8. d3 d6 9. Rb1 Nd4 10. Be3 Nec6 11. Ne2 Rb8 12. c3 Nxf3+ 13. Bxf3 e5 14. Bg2 b6 15. Qd2 Ne7 16. h3 f5 17. Kh2 Bb7 18. Rbd1 Qc7 19. g4 fxg4 20. hxg4 d5 21. f5 Rbd8 22. Qc1 d4 23. Bh6 Nxf5 24. gxf5 gxf5 25. Qg5 Rd6 26. Qxg7+ Qxg7 27. Bxg7 Kxg7 28. Ng3 Rh6+ 29. Bh3 fxe4 30. Nf5+ Rxf5 31. Rxf5 Rxh3+ 32. Kxh3 Bc8 33. Rg1+ Kh6 34. dxe4 Bxf5+ 35. exf5 d3 36. f6 1-0

[Event "Karl Mala Memorial op 11th"]
[Site "Frankfurt"]
[Date "2008.06.28"]
[Round "5"]
[White "Voss, Julian"]
[Black "Goloborodko, Dimitri"]
[Result "1/2-1/2"]
[WhiteElo "1743"]
[BlackElo "2072"]
[PlyCount "30"]
[EventDate "2008.06.26"]
[EventType "swiss"]
[EventRounds "7"]
[EventCountry "GER"]
[SourceTitle "CBM 125 Extra"]
[Source "ChessBase"]
[SourceDate "2008.09.01"]
[SourceVersion "1"]
[SourceVersionDate "2008.09.01"]
[SourceQuality "1"]

1. e4 e6 2. d4 d5 3. Nc3 Bb4 4. e5 c5 5. a3 Bxc3+ 6. bxc3 Ne7 7. a4 Qa5 8. Qd2 Nbc6 9. Nf3 cxd4 10. cxd4 Bd7 11. Bd3 f6 12. exf6 Qxd2+ 13. Bxd2 gxf6 14. 0-0 e5 15. dxe5 fxe5 1/2-1/2

[Event "Wiesbaden op"]
[Site "Wiesbaden"]
[Date "2007.08.02"]
[Round "1"]
[White "Meier, Alexander"]
[Black "Voss, Julian"]
[Result "0-1"]
[WhiteElo "1224"]
[BlackElo "1731"]
[PlyCount "86"]
[EventDate "2007.08.02"]
[EventType "swiss"]
[EventRounds "7"]
[EventCountry "GER"]
[SourceTitle "EXT 2008"]
[Source "ChessBase"]
[SourceDate "2007.11.25"]
[SourceVersion "1"]
[SourceVersionDate "2007.11.25"]
[SourceQuality "1"]

1. d4 Nf6 2. Nf3 g6 3. e3 d6 4. Nbd2 Bg7 5. c3 0-0 6. Bc4 Kh8 7. e4 Nfd7 8. 0-0 e5 9. Nb3 f5 10. Ng5 Nb6 11. Nf7+ Rxf7 12. Bxf7 Qe7 13. Bxg6 hxg6 14. dxe5 dxe5 15. exf5 gxf5 16. Be3 Bd7 17. Re1 Nc6 18. Bc5 Qf7 19. Re3 f4 20. Re1 Rg8 21. Nd2 Bf6 22. Ne4 Bg4 23. Qd3 f3 24. g3 Bd8 25. Re3 Qh5 26. h4 Bxh4 27. Kf1 Bd8 28. Ke1 Qh1+ 29. Qf1 Qxf1+ 30. Kxf1 Nc4 31. Ree1 Bf5 32. b3 Bxe4 33. bxc4 Bd3+ 34. Kg1 Rg5 35. Re3 e4 36. Bd4+ Nxd4 37. cxd4 Bf6 38. Rc1 Bxd4 39. Ree1 Rxg3+ 40. Kh2 Rg2+ 41. Kh3 Bxf2 42. Rh1 e3 43. Rc3 Bf5# 0-1

[Event "GER-ch U25"]
[Site "Willingen"]
[Date "2007.05.31"]
[Round "8"]
[White "Voss, Julian"]
[Black "Mertens, Fridolin"]
[Result "1/2-1/2"]
[WhiteElo "1607"]
[BlackElo "1473"]
[PlyCount "111"]
[EventDate "2007.05.26"]
[EventType "swiss"]
[EventRounds "9"]
[EventCountry "GER"]
[SourceTitle "CBM 118 Extra"]
[Source "ChessBase"]
[SourceDate "2007.07.04"]
[SourceVersion "1"]
[SourceVersionDate "2007.07.04"]
[SourceQuality "1"]

1. e4 c5 2. Nf3 d6 3. d4 cxd4 4. Nxd4 Nf6 5. Nc3 a6 6. Bc4 e6 7. Bb3 Be7 8. 0-0 0-0 9. Qf3 Qc7 10. Qg3 Kh8 11. Re1 b5 12. a3 Bb7 13. f3 Nbd7 14. Be3 Nc5 15. Ba2 Rad8 16. Rad1 Qa5 17. Nb3 Nxb3 18. Bxb3 d5 19. Qf2 Qc7 20. Bb6 Qc6 21. Bxd8 Bc5 22. Re3 Bxe3 23. Qxe3 Rxd8 24. exd5 exd5 25. Bxd5 Nxd5 26. Rxd5 Rxd5 27. Nxd5 h6 28. Nc3 Qg6 29. Qe2 Kh7 30. Kf2 Bc8 31. h3 Bf5 32. Ne4 Qe6 33. c3 Kg6 34. Ng3 Qxe2+ 35. Kxe2 Be6 36. Ne4 Kf5 37. Nc5 Bc4+ 38. Ke3 a5 39. Nb7 a4 40. Nd6+ Ke5 41. Nxc4+ bxc4 42. f4+ Kd5 43. f5 Ke5 44. g4 g6 45. g5 hxg5 46. fxg6 fxg6 47. Kf3 Kf5 48. Kg3 Ke4 49. Kg4 Kd3 50. Kxg5 Kc2 51. Kxg6 Kxb2 52. h4 Kxc3 53. h5 Kb3 54. h6 c3 55. h7 c2 56. h8Q 1/2-1/2

[Event "GER-ch U25"]
[Site "Willingen"]
[Date "2007.05.28"]
[Round "4"]
[White "Voss, Julian"]
[Black "Gonnermann, Jan"]
[Result "0-1"]
[WhiteElo "1607"]
[BlackElo "1767"]
[PlyCount "58"]
[EventDate "2007.05.26"]
[EventType "swiss"]
[EventRounds "9"]
[EventCountry "GER"]
[SourceTitle "CBM 118 Extra"]
[Source "ChessBase"]
[SourceDate "2007.07.04"]
[SourceVersion "1"]
[SourceVersionDate "2007.07.04"]
[SourceQuality "1"]

1. e4 c5 2. Nf3 Nc6 3. d4 cxd4 4. Nxd4 Nf6 5. Nc3 e5 6. Nf3 Bb4 7. Bc4 0-0 8. Bd2 a6 9. 0-0 d6 10. Re1 Bg4 11. Kh1 Nd4 12. Rg1 b5 13. Be2 Nxe2 14. Qxe2 Qb6 15. h3 Be6 16. Nd5 Bxd5 17. Bxb4 Nxe4 18. Rgf1 f5 19. b3 a5 20. Bd2 Rac8 21. Rac1 b4 22. Be3 Qc6 23. Ne1 Nc3 24. Qd2 f4 25. Bxf4 Rxf4 26. Rg1 Ne4 27. Qe3 Nxf2+ 28. Kh2 Ne4 29. Nd3 Rf7 0-1

[Event "GER-ch U25"]
[Site "Willingen"]
[Date "2007.05.27"]
[Round "2"]
[White "Voss, Julian"]
[Black "Sieker, Roland"]
[Result "1-0"]
[WhiteElo "1607"]
[BlackElo "2014"]
[PlyCount "81"]
[EventDate "2007.05.26"]
[EventType "swiss"]
[EventRounds "9"]
[EventCountry "GER"]
[SourceTitle "CBM 118 Extra"]
[Source "ChessBase"]
[SourceDate "2007.07.04"]
[SourceVersion "1"]
[SourceVersionDate "2007.07.04"]
[SourceQuality "1"]

1. e4 c5 2. Nf3 d6 3. d4 cxd4 4. Nxd4 Nf6 5. Nc3 g6 6. Be3 Bg7 7. Bc4 Nc6 8. Qd2 Bd7 9. 0-0-0 a6 10. Bh6 Bxh6 11. Qxh6 b5 12. Bb3 Qb6 13. Qg7 Rf8 14. Nxc6 Bxc6 15. Nd5 Bxd5 16. exd5 Rg8 17. Qh6 g5 18. Rhe1 Rg6 19. Qh3 a5 20. a4 b4 21. Re2 Kf8 22. Rde1 Ra7 23. Qc8+ Kg7 24. Qf5 Ng8 25. f4 Nh6 26. Qe4 gxf4 27. Qxf4 Rg4 28. Qf3 Qd4 29. h3 Rf4 30. Qg3+ Kf6 31. Rd1 Nf5 32. Rxd4 Rf1+ 33. Re1 Nxg3 34. Rxf1+ Ke5 35. Rdd1 Nxf1 36. Rxf1 f5 37. Re1+ Kf6 38. Bc4 Ra8 39. Re6+ Kf7 40. Be2 Rg8 41. Bf3 1-0

[Event "SVR-ch HT 29th"]
[Site "Koblenz"]
[Date "2006.04.08"]
[Round "1"]
[White "Bilitza, Alwin"]
[Black "Voss, Julian"]
[Result "1-0"]
[WhiteElo "1943"]
[BlackElo "1480"]
[PlyCount "63"]
[EventDate "2006.04.08"]
[EventType "swiss"]
[EventRounds "7"]
[EventCountry "GER"]
[SourceTitle "EXT 2009"]
[Source "ChessBase"]
[SourceDate "2008.11.26"]
[SourceVersion "1"]
[SourceVersionDate "2008.11.26"]
[SourceQuality "1"]

1. d4 Nf6 2. Nf3 g6 3. c4 Bg7 4. Nc3 0-0 5. e3 d6 6. Be2 Na6 7. 0-0 c5 8. a3 Bf5 9. Nh4 Bd7 10. Rb1 Rb8 11. b4 Qc8 12. Bd2 Bg4 13. f3 Bd7 14. g3 Nh5 15. dxc5 dxc5 16. Nd5 Re8 17. Bc3 Bxc3 18. Nxc3 cxb4 19. axb4 Qc7 20. Nd5 Qd6 21. e4 Bh3 22. Rf2 Be6 23. f4 Bxd5 24. cxd5 Nxb4 25. Bxh5 gxh5 26. Qxh5 Nd3 27. Rc2 b6 28. Rc6 Qa3 29. Nf5 Nxf4 30. gxf4 Kh8 31. Rh6 Rg8+ 32. Kh1 1-0